Ďalšie vzdelávanie a jeho miesto v procese celoživotného učenia sa
Zákon č.568/2009 Z.z. o celoživotnom vzdelávaní definuje oblasť ďalšieho vzdelávania ako vzdelávanie vo vzdelávacích inštitúciách, ktoré nadväzuje na školské vzdelávanie, pričom umožňuje získať kvalifikáciu, alebo umožňuje už nadobudnutú kvalifikáciu doplniť, obnoviť, rozšíriť, alebo prehĺbiť. Najvy...
Enregistré dans:
| Auteur principal: | |
|---|---|
| Format: | Chapitre de livre |
| Langue: | slovaque anglais |
| Sujets: | |
| Tags: |
Pas de tags, Soyez le premier à ajouter un tag!
|
MARC
| LEADER | 00000naa a2200000 4500 | ||
|---|---|---|---|
| 001 | 0262324 | ||
| 005 | 20200212153922.4 | ||
| 041 | 0 | |a slo | |
| 041 | 0 | |a eng | |
| 044 | |a SK | ||
| 245 | 1 | 0 | |a Ďalšie vzdelávanie a jeho miesto v procese celoživotného učenia sa |c František Blanár |
| 520 | |a Zákon č.568/2009 Z.z. o celoživotnom vzdelávaní definuje oblasť ďalšieho vzdelávania ako vzdelávanie vo vzdelávacích inštitúciách, ktoré nadväzuje na školské vzdelávanie, pričom umožňuje získať kvalifikáciu, alebo umožňuje už nadobudnutú kvalifikáciu doplniť, obnoviť, rozšíriť, alebo prehĺbiť. Najvyššiu účasť na vzdelávacích programoch ďalšieho vzdelávania majú osoby s vysokoškolským vzdelaním. Oproti ostatným štátom EÚ je naša participácia na aktivitách ďalšieho vzdelávania výrazne nízka. | ||
| 610 | 2 | 0 | |a vzdelávanie celoživotné |
| 610 | 2 | 0 | |a vzdelávanie ďalšie |
| 610 | 2 | 0 | |a vzdelávanie vysokoškolské |
| 610 | 2 | 0 | |a porovnanie medzinárodné |
| 610 | 2 | 0 | |a Slovensko |
| 610 | 2 | 0 | |a Európska únia |
| 100 | 1 | |a Blanár, František | |